000 01570nam a2200289 i 4500
001 15747
003 DO-SdUEMH
005 20260130174201.0
007 ta
008 211105s2006||||dr |||gr|||| 0|| | spa d
040 _aDO-SdUEMH
_bspa
_erda
041 _aspa
082 1 4 _aRD 346.03 H557D 2006
_mRD
_bH557
084 _b08-00127
100 1 _aHernández, Gloria María
_eautr
245 0 _aDerecho de la Responsabilidad /
_cGloria María Hernández
260 _c2006
264 1 _aSanto Domingo, República Dominicana :
_bCentenario,
_c2006
264 4 _c©2006
300 _a482 páginas :
_c25 cm.
336 _2rdacontent
_atexto
_btxt
337 _2rdamedia
_asin mediación
_bn
338 _2rdacarrier
_avolumen
_bnc
505 2 _aParte I: Principios Generales de la Responsabilidad -- Título I: Derecho de la Responsabilidad -- Parte II: Responsabilidad por el Hecho Propio -- Título I: Responsabilidad Delictual -- Título II: Casos Específicos de Responsabilidad -- Título III: Responsabilidad Contractual -- Parte III: Responsabilidad por Otro -- Título I: Responsabilidad Delictual -- Título II: Responsabilidad Contractual por Otro -- Parte IV: Regímenes Especiales de Indemnización -- Título I: La Responsabilidad en la Seguridad Social -- Título II: La Responsabilidad en Materia Laboral -- Título III: La Responsabilidad Objetiva -- Parte V: Convenciones de responsabilidad -- Parte VI: Causas de exoneración de responsabilidad -- Parte VII: La acción en justicia -- Parte VIII: La reparación.
942 _2ddc
_cBK
_n0
999 _c15747
_d15747